| 000 | 01245nmc a2200421 a 4500 | ||
|---|---|---|---|
| 003 | AR-BaBNM | ||
| 005 | 20251128204128.0 | ||
| 008 | 285019s1983 ||||||||||||||000 | spa|| | ||
| 020 | _a950-25-0126-8 | ||
| 040 | _cAR-BaBNM | ||
| 245 | 1 | 0 |
_aPolíticas económicas _baranceles y protección industrial, 1862-1930 |
| 260 |
_aBuenos Aires _bCentro Editor de América Latina _c1983 |
||
| 300 | 0 | _a89 p. | |
| 490 | 0 |
_aHistoria testimonial Argentina: Documentos vivos de nuestro pasado _vv. 6 |
|
| 504 | _aBibliografía en p.18-19 | ||
| 600 | 1 | 4 | _aPellegrini, Carlos |
| 600 | 1 | 4 | _aLópez, Vicente Fidel |
| 600 | 1 | 4 | _aMitre, Bartolomé |
| 600 | 1 | 4 | _aJusto, Juan B. |
| 650 | 4 | _aHISTORIA ARGENTINA | |
| 650 | 4 | _aHISTORIA ECONOMICA | |
| 650 | 4 | _aINDUSTRIA | |
| 650 | 4 | _aCOMERCIO INTERNACIONAL | |
| 650 | 4 | _aPOLITICA ECONOMICA | |
| 650 | 4 | _aPOLITICA COMERCIAL | |
| 650 | 4 | _aLIBRE COMERCIO | |
| 650 | 4 | _aPROTECCIONISMO | |
| 650 | 4 | _aDERECHOS DE ADUANA | |
| 650 | 4 | _aARANCELES | |
| 650 | 4 | _aADUANA | |
| 650 | 4 | _aDOCUMENTOS | |
| 650 | 4 | _aMATERIAL FUENTE | |
| 700 | 1 |
_aPanettieri, José _ecompilador |
|
| 800 | 1 |
_aBertoni, Lilia Ana _edirector |
|
| 800 | 1 |
_aRomero, Luis Alberto _edirector |
|
| 942 | _cBK | ||
| 998 | _cMarce | ||
| 999 |
_c6287 _d6287 |
||